| 000 | 01479nam a22002417a 4500 | ||
|---|---|---|---|
| 999 |
_c6394 _d6394 |
||
| 003 | DO-SdBJH | ||
| 005 | 20210729164958.0 | ||
| 008 | 210729b ||||| |||| 00| 0 spa d | ||
| 040 |
_aDO-SdBJH _bspa _cDO-SdBJH |
||
| 090 |
_aTG ANMG _b01632 2019 |
||
| 100 | 1 |
_aFeliz Bonilla, Andry Manuel _esustentante |
|
| 245 | 1 | 0 |
_aContribución de la Armada de República Dominicana para el fortalecimiento de las relaciones internacionales / _c Andry Manuel Feliz Bonilla, Raynier Francisco Quezada Acosta, asesores Gertrudis Perera, Benjamín Valdez Bisono |
| 260 |
_aSanto Domingo Este : _bINSUDE, _c2019 |
||
| 300 | _aXV, 40 Páginas | ||
| 502 | _aTrabajo de grado (Licenciado en Ciencias Navales). -- Instituto Superior para la Defensa (INSUDE). Academia Naval Marina de Guerra “Vicealmirante Cesar D’Windt Lavandier”, 2019 | ||
| 504 | _aIncluye referencias bibliográficas e índices | ||
| 505 | _aGeneralidades y conceptos de las relaciones internacionales. -- Estado actual de los tipos de relaciones internacionales de la Armada de República Dominicana. -- Contribuciones que fortalecen a la Armada de República Dominicana por su relaciones internacionales | ||
| 700 | 1 |
_aQuezada Acosta, Raynier Francisco _esustentante |
|
| 700 | 1 |
_a Perera, Gertrudis _easesor |
|
| 700 | 1 |
_a Valdez Bisono, Benjamín _easesor |
|
| 830 | _aINSUDE. Academia Naval Marina de Guerra “Vicealmirante Cesar D’Windt Lavandier”. Tesis y disertaciones académicas | ||
| 942 |
_2CL _cT |
||